Short History of English Literature / (Record no. 7602)
[ view plain ]
| 000 -LEADER | |
|---|---|
| fixed length control field | 00302cam a2200121ua 4500 |
| 082 ## - DEWEY DECIMAL CLASSIFICATION NUMBER | |
| Classification number | 828.09 |
| Item number | SAI/SH |
| 100 ## - MAIN ENTRY--AUTHOR NAME | |
| Personal name | Saintsbury, George . |
| 245 ## - TITLE STATEMENT | |
| Title | Short History of English Literature / |
| 250 ## - EDITION STATEMENT | |
| Edition statement | 1 / |
| 260 ## - PUBLICATION, DISTRIBUTION, ETC. (IMPRINT) | |
| Place of publication | London : |
| Name of publisher | McMillon & Co Ltd , |
| Year of publication | 1964. |
| 300 ## - PHYSICAL DESCRIPTION | |
| Number of Pages | 818 ; . |
| 942 ## - ADDED ENTRY ELEMENTS (KOHA) | |
| Koha item type | Books |
| Withdrawn status | Lost status | Damaged status | Home library | Current library | Date acquired | Full call number | Accession Number | Koha item type |
|---|---|---|---|---|---|---|---|---|
| Withdrawn | Damaged | KAUAET | KAUAET | 07/04/2012 | 828.09 | 10314 | Books | |
| Withdrawn | KAUAET | Sanskrit University | 07/04/2012 | 828.09 | 11823 | Books |
